| 000 | 01522nam a2200505 i 4500 | ||
|---|---|---|---|
| 001 | 6913 | ||
| 003 | KOSZ 005 | ||
| 005 | 20200421105215.0 | ||
| 008 | 970510s1994 pl a |001 0 pol | ||
| 015 | _aUWD 1994/6903 | ||
| 020 | _a8385701443 | ||
| 035 | _a991000580589705066 | ||
| 035 | _a(PL-WaBN)b10196857-48omnis_nlop | ||
| 035 | _ab10196857 | ||
| 035 | _a(OCoLC)749855430 | ||
| 035 | _a(PL)b0000001019685 | ||
| 035 | _a(EXLNZ-48OMNIS_NETWORK)9910221782505606 | ||
| 040 |
_aWA N _cWA N _dKOSZ 005/AR |
||
| 041 | _apol | ||
| 044 | _apl | ||
| 046 | _k1994 | ||
| 080 | _a004.42 | ||
| 080 | _a004.92 | ||
| 080 | _a(07) | ||
| 100 | 1 |
_aPikoń, Andrzej _eAutor |
|
| 245 | 1 | 0 |
_aAutoCAD : _bwersja 12 & 12 PL / _cAndrzej Pikoń. |
| 260 |
_aGliwice : _b"Helion", _ccopyright 1994. |
||
| 300 |
_a595, [4] strony : _bilustracje ; _c24 cm. |
||
| 336 |
_aTekst _btxt _2rdacontent |
||
| 337 |
_aBez urządzenia pośredniczącego _bn _2rdamedia |
||
| 338 |
_aWolumin _bnc _2rdacarrier |
||
| 380 | _aKsiążki | ||
| 388 | _a1901-2000 | ||
| 388 | _a1989-2000 | ||
| 504 | _aIndeksy. | ||
| 650 | _aProgramy graficzne | ||
| 650 | _aProjektowanie wspomagane komputerowo | ||
| 650 | _aAutoCAD | ||
| 655 | 7 |
_aPodręcznik _2DBN |
|
| 658 | _aInformatyka i technologie informacyjne | ||
| 710 | 2 |
_aHelion _4pbl |
|
| 856 |
_u http://koha.tu.koszalin.pl/cgi-bin/koha/opac-detail.pl?biblionumber=6913 _y Katalog online BPK |
||
| 942 |
_2UKD _cKS |
||
| 999 |
_c6913 _d6913 |
||